01136nam a2200181za 4500020001800000022001500018050001700033100002100050245016300071260005200234300002700286440003500313500001900348505044200367650006400809650004300873650003800916 a9780521484671 a0521484677 aPE1128b.B12 aBachman Lyle F.  aAn investigation into the comparability of two tests of English as a foreign languagecLyle F. Bachman [and others] ; with an introduction by Bernard Spolsky. aCambridge : bCambridge University Press:c1995 axv, 228 pages :c24 cm aStudies in language testing, 1 aIncludes index aIntroduction: A not-too-special relationship -- Chapter 1 Overview of the study -- Chapter 2 Study procedures and sample characteristics -- Chapter 3 Reliability of the two test batteries -- Chapter 4 Comparability of abilities measured -- Chapter 5 Effect of test preparation on test performance -- Chapter 6 Interchangeability of FCE and ETS test scores -- Chapter 7 Test content analysis -- Chapter 8 Implications and recommendations. aEnglish language -- Study and teaching -- Foreign speakers. aTest of English as a Foreign Language. aEnglish language -- Examinations.